Organisation territoriale de la France - Choix Multiples - Statistiques

Statistiques générales
  • Ce quiz a été pris 755 fois
  • Le résultat moyen est 11 sur 18
Statistiques - réponses
Question Réponse % Correct
Paris est-elle une commune ou un département ? Les deux
89%
Quelle est la région la plus peuplée ? Île-de-France
87%
Selon l'Article premier de la Constitution de la Cinquième République française, l'organisation de la France est... Décentralisée
84%
De quand date le dernier redécoupage régional ? 2016
83%
Parmi les propositions suivantes, laquelle N'EST PAS une collectivité territoriale ? Un canton
81%
Combien la France compte-t-elle de départements ? 101
79%
Combien la France compte-t-elle approximativement de communes ? 35 000
78%
Combien compte-t-elle de régions d'outre-mer ? 5
72%
Que signifie EPCI ? Établissement Public de Coopération Intercommunale
70%
En quelle année les départements ont-ils été créés ? 1790
69%
Quelle est la région la plus vaste ? Nouvelle-Aquitaine
57%
Quel est le département métropolitain le plus vaste ? Gironde
49%
Quand furent créées les régions (au sens moderne du terme) ? 1956
47%
Parmi les propositions suivantes, laquelle N'EST PAS un EPCI ? Commune nouvelle
45%
Avant ce dernier redécoupage, combien la France comptait-elle de régions ? 27
38%
Quel est le département le plus peuplé ? Nord
37%
En quelle année ont été créées les premières communes ? 1789
35%
Combien la France compte-t-elle de régions ? 18
25%
Aucun quiz correspondant
Distribution des résultats
% des personnes avec chaque résultat
Percentile par nombre de réponses
Votre historique - résultats
Vous n’avez pas pris ce quiz